00989cam a2200253u 45000010005000000030008000050050017000130080039000300350018000690400033000870410008001200820019001281000047001472450091001942600033002853000024003185040020003426500021003626500059003839420012004429990015004549520132004699520134006017457BD-RjUL20211208234421.0140115s1966 nyu 000 0 eng a(BD-RjUL)7500 aDLCcCarPdDLCdBD-RjULbeng aeng04a300 bNOA 19661 aNormanton, E. L. [from old catalog]92329414aThe accountability and audit of governments :bA comparative study /cE. L. Normanton. aNew York :bPraeger,c[1966] aXV, 452 p. ;c23 cm aIncludes index. 0aAuditing.923295 0aFinance, PublicxAccounting. [from old catalog]923296 2ddccBK c7457d7457 00102ddc4071aRUCLbRUCLcreadingd1968-07-24eZeitlingerg50.00l0o300 NOA 1966r2014-01-15 00:00:00tC-1w2014-01-15yBK 00102ddc40708NFICaRUCLbRUCLcGENd1968-09-24eZeitlingerg50.00l0o300 NOA 1966r2022-08-30 00:00:00tC-2w2022-08-30yBK